| 000 | 00935cam a2200277 a 4500 | ||
|---|---|---|---|
| 999 |
_c21781 _d21781 |
||
| 001 | 2387357 | ||
| 005 | 20170123092339.0 | ||
| 008 | 850821s1985 nyua 001 0aeng | ||
| 010 | _a 85021411 | ||
| 020 | _a0393022900 | ||
| 050 | 0 | 0 | _aND237 .P473A2 1985 |
| 100 | 1 |
_aPhillips, Marjorie, _d1895- |
|
| 245 | 1 | 0 |
_aMarjorie Phillips and her paintings / _cby Marjorie Phillips ; edited by Sylvia Partridge. |
| 250 | _a1st ed. | ||
| 260 |
_aNew York : _bW.W. Norton, _cc1985. |
||
| 300 |
_ax, 125 p. : _bill. (some col.) ; _c25 cm. x 30 cm. |
||
| 500 | _aIncludes index. | ||
| 600 | 1 | 0 |
_aPhillips, Marjorie, _d1895- |
| 650 | 0 |
_aPainters _zUnited States _xBiography. |
|
| 700 | 1 | _aPartridge, Sylvia. | |
| 942 |
_2lcc _cBOOKS _hND237 .P473A2 1985 |
||